| 000 | 01503cam a2200337 a 4500 | ||
|---|---|---|---|
| 001 | 2510 | ||
| 005 | 20231213143350.0 | ||
| 020 | _a0060852380 (trade bdg.) | ||
| 020 | _a9780007739226 | ||
| 020 | _a0060852372 (pbk.) | ||
| 020 | _a9780060852382 | ||
| 020 | _a9780060852375 | ||
| 040 |
_aOCO _cOCO _dBAKER _dDLC _beng |
||
| 050 | 0 | 0 |
_aPZ7.G8636 _bSus 2005 |
| 082 | 0 | 0 |
_a823.92 _222 |
| 100 | 1 | _aLewis C. S. | |
| 245 | 1 | 0 |
_aSusan's journey : _bstep through the wardrobe / |
| 246 | 3 | 0 | _aStep through the wardrobe |
| 260 |
_aLondon : _bHarperCollins Publishers, _c2005 |
||
| 300 |
_a82 pages : _billustrations ; map ; _c21 cm |
||
| 490 | 0 | _aThe chronicles of Narnia | |
| 505 | _aZ | ||
| 520 | _aour new chapter books will lead readers through the wardrobe and into the magical and wondrous world of Narnia. Each book tells the story of The Lion, the Witch and the Wardrobe, from the perspective of one of the four Pevensie heroes: Peter, Susan, Edmund, and Lucy. All four titles feature a movie image on the cover and are fully illustrated in black-and-white, with photographs and artwork from the film The Chronicles of Narnia: The Lion, the Witch and the Wardrobe by Walt Disney Pictures and Walden Media. | ||
| 521 | 1 |
_a900 _bLexile estimate |
|
| 521 | 1 |
_aZ _bRaz-Plus |
|
| 650 | 0 |
_aNarnia (Imaginary place) _vJuvenile fiction. |
|
| 650 | 0 | _aFantasy fiction, English. | |
| 650 | 0 | _aChildren's stories, English. | |
| 906 |
_a7 _bcbc _ccopycat _d2 _encip _f20 _gy-gencatlg |
||
| 942 |
_2ddc _cBK _n0 |
||
| 999 |
_c2510 _d2510 |
||